[Event "Chinese Chess League 2019"]
[Site "Shen Yang"]
[Date "2019.12.07"]
[Round "22.14"]
[White "Zhou, Zirun"]
[Black "Guo, Qi"]
[Result "0-1"]
[WhiteElo "2121"]
[BlackElo "2403"]
[Annotator "ChessBase"]
[PlyCount "112"]
[EventDate "2019.04.09"]
[EventType "team-tourn"]
[EventCountry "CHN"]
[SourceTitle "playchess.com"]
[Source "ChessBase"]
[SourceQuality "1"]
[TimeControl "5400+30"]

1. d4 {[%emt 0:00:00]} Nf6 {[%emt 0:00:00]} 2. c4 {[%emt 0:00:00]} e6 {[%emt 0:00:00]} 3. Nf3 {[%emt 0:00:29]} b6 {[%emt 0:01:00]} 4. g3 {[%emt 0:01:04]} Bb7 {[%emt 0:05:08]} 5. Bg2 {[%emt 0:00:12]} Bb4+ {[%emt 0:00:10]} 6. Bd2 {[%emt 0:01:08]} Be7 {[%emt 0:00:09]} 7. O-O {[%emt 0:00:30]} c6 {[%emt 0:00:05]} 8. Qc2 {[%emt 0:02:38]} d5 {[%emt 0:00:07]} 9. Rd1 {[%emt 0:02:44]} O-O {[%emt 0:02:28]} 10. Bf4 {[%emt 0:00:46]} Nbd7 {[%emt 0:00:12]} 11. b3 {[%emt 0:00:58]} c5 {[%emt 0:02:00]} 12. dxc5 {[%emt 0:11:39]} Bxc5 {[%emt 0:00:17]} 13. cxd5 {[%emt 0:03:55]} Nxd5 {[%emt 0:00:06]} 14. Nc3 {[%emt 0:00:41]} Rc8 {[%emt 0:04:06]} 15. Ng5 {[%emt 0:03:18]} g6 {[%emt 0:13:18]} 16. Bxd5 {[%emt 0:05:33]} exd5 {[%emt 0:02:39]} 17. Qd3 {[%emt 0:01:03]} Be7 {[%emt 0:02:56]} 18. h4 {[%emt 0:03:46]} Bf6 {[%emt 0:01:43]} 19. Rac1 {[%emt 0:01:34]} Nc5 {[%emt 0:00:39]} 20. Qd2 {[%emt 0:02:04]} d4 {[%emt 0:01:04]} 21. Nb5 {[%emt 0:02:46]} Qd5 {[%emt 0:07:24]} 22. Nf3 {[%emt 0:15:17]} Nxb3 {[%emt 0:06:58]} 23. axb3 {[%emt 0:00:15]} Rxc1 {[%emt 0:02:44]} 24. Rxc1 {[%emt 0:04:34]} Qxb5 {[%emt 0:00:05]} 25. Nxd4 {[%emt 0:02:04]} Qd5 {[%emt 0:00:08]} 26. Nf3 {[%emt 0:00:27]} Qxb3 {[%emt 0:00:08]} 27. Rc7 {[%emt 0:04:40]} Bxf3 {[%emt 0:05:27]} 28. exf3 {[%emt 0:00:17]} a5 {[%emt 0:02:11]} 29. Kg2 {[%emt 0:01:40]} Rd8 {[%emt 0:01:13]} 30. Qe2 {[%emt 0:01:00]} a4 {[%emt 0:02:03]} 31. Ra7 {[%emt 0:00:40]} b5 {[%emt 0:07:48]} 32. Bg5 {[%emt 0:03:45]} Bxg5 {[%emt 0:04:05]} 33. hxg5 {[%emt 0:00:10]} Qd5 {[%emt 0:01:48]} 34. Qe7 {[%emt 0:00:32]} Rf8 {[%emt 0:00:26]} 35. Ra6 {[%emt 0:04:43]} Qd8 {[%emt 0:01:18]} 36. Qc5 {[%emt 0:00:24]} Qd7 {[%emt 0:00:59]} 37. Rb6 {[%emt 0:02:35]} Qf5 {[%emt 0:05:47]} 38. Qb4 {[%emt 0:03:47]} Ra8 {[%emt 0:03:59]} 39. Rxb5 {[%emt 0:00:13]} Qc8 {[%emt 0:00:08]} 40. Ra5 {[%emt 0:03:15]} Qe8 {[%emt 0:00:49]} 41. Qc5 {[%emt 0:00:21]} Rxa5 {[%emt 0:01:17]} 42. Qxa5 {[%emt 0:00:06]} h5 {[%emt 0:01:38]} 43. gxh6 {[%emt 0:03:59]} Kh7 {[%emt 0:00:06]} 44. Qd2 {[%emt 0:04:31]} a3 {[%emt 0:04:36]} 45. Qc3 {[%emt 0:04:02]} Qf8 {[%emt 0:00:06]} 46. g4 {[%emt 0:01:31]} Kxh6 {[%emt 0:00:11]} 47. Qe3+ {[%emt 0:00:05]} Kh7 {[%emt 0:00:07]} 48. Qa7 {[%emt 0:00:06]} Kg8 {[%emt 0:00:13]} 49. Qa5 {[%emt 0:01:25]} Qd6 {[%emt 0:00:22]} 50. g5 {[%emt 0:00:35]} Qd3 {[%emt 0:00:45]} 51. Qb4 {[%emt 0:00:41]} Kg7 {[%emt 0:01:12]} 52. Qa5 {[%emt 0:00:58]} Qb3 {[%emt 0:01:26]} 53. f4 {[%emt 0:00:23]} Qb2 {[%emt 0:00:53]} 54. f5 {[%emt 0:00:25]} gxf5 {[%emt 0:00:08]} 55. Qxf5 {[%emt 0:00:08]} a2 {[%emt 0:00:05]} 56. g6 {[%emt 0:00:08]} Qf6 {[%emt 0:00:12]} 0-1

[Event "Chinese Chess League 2019"]
[Site "Shen Yang"]
[Date "2019.12.07"]
[Round "22.15"]
[White "Zhao, Shengxin"]
[Black "Shen, Yang"]
[Result "1/2-1/2"]
[WhiteElo "2099"]
[BlackElo "2410"]
[Annotator "ChessBase"]
[PlyCount "74"]
[EventDate "2019.04.09"]
[EventType "team-tourn"]
[EventCountry "CHN"]
[SourceTitle "playchess.com"]
[Source "ChessBase"]
[SourceQuality "1"]
[TimeControl "5400+30"]

1. c4 {[%emt 0:00:30]} Nf6 {[%emt 0:00:27]} 2. Nc3 {[%emt 0:00:30]} e6 {[%emt 0:00:43]} 3. d4 {[%emt 0:05:00]} d5 {[%emt 0:01:37]} 4. Nf3 {[%emt 0:03:10]} Be7 {[%emt 0:05:00]} 5. Bg5 {[%emt 0:04:29]} Nbd7 {[%emt 0:03:40]} 6. e3 {[%emt 0:04:58]} h6 {[%emt 0:00:16]} 7. Bh4 {[%emt 0:01:30]} c6 {[%emt 0:01:21]} 8. a4 {[%emt 0:02:40]} a5 {[%emt 0:01:13]} 9. Bd3 {[%emt 0:00:46]} O-O {[%emt 0:01:08]} 10. O-O {[%emt 0:00:40]} dxc4 {[%emt 0:04:36]} 11. Bxc4 {[%emt 0:00:07]} Nd5 {[%emt 0:00:06]} 12. Bxe7 {[%emt 0:04:19]} Qxe7 {[%emt 0:00:09]} 13. e4 {[%emt 0:00:39]} N5b6 {[%emt 0:01:34]} 14. Ba2 {[%emt 0:06:26]} e5 {[%emt 0:00:25]} 15. dxe5 {[%emt 0:08:01]} Nxe5 {[%emt 0:00:21]} 16. Nxe5 {[%emt 0:00:20]} Qxe5 {[%emt 0:00:11]} 17. f4 {[%emt 0:00:34]} Qc5+ {[%emt 0:00:24]} 18. Kh1 {[%emt 0:00:04]} Be6 {[%emt 0:01:45]} 19. Bxe6 {[%emt 0:00:59]} fxe6 {[%emt 0:00:01]} 20. Qb3 {[%emt 0:00:42]} Rae8 {[%emt 0:02:00]} 21. Rad1 {[%emt 0:16:42]} Re7 {[%emt 0:07:17]} 22. Ne2 {[%emt 0:13:27]} Qb4 {[%emt 0:04:11]} 23. Qxb4 {[%emt 0:01:12]} axb4 {[%emt 0:00:02]} 24. b3 {[%emt 0:00:09]} e5 {[%emt 0:03:19]} 25. f5 {[%emt 0:03:34]} Rd7 {[%emt 0:07:41]} 26. a5 {[%emt 0:04:51]} Rfd8 {[%emt 0:00:18]} 27. Rc1 {[%emt 0:00:52]} Rd2 {[%emt 0:01:09]} 28. Ng1 {[%emt 0:01:46]} Nd7 {[%emt 0:01:17]} 29. Nf3 {[%emt 0:02:18]} Rd3 {[%emt 0:01:03]} 30. Rfd1 {[%emt 0:01:56]} Nc5 {[%emt 0:01:11]} 31. Rxd3 {[%emt 0:00:04]} Nxd3 {[%emt 0:00:08]} 32. Rc2 {[%emt 0:00:03]} Kf8 {[%emt 0:03:41]} 33. h3 {[%emt 0:02:35]} Ke8 {[%emt 0:00:40]} 34. a6 {[%emt 0:00:49]} bxa6 {[%emt 0:06:07]} 35. Rxc6 {[%emt 0:00:06]} Nf2+ {[%emt 0:02:26]} 36. Kh2 {[%emt 0:00:21]} Nxe4 {[%emt 0:00:13]} 37. Nxe5 {[%emt 0:02:21]} Nd2 {[%emt 0:04:10]} 1/2-1/2

[Event "Chinese Chess League 2019"]
[Site "Shen Yang"]
[Date "2019.12.07"]
[Round "22.16"]
[White "Predke, Alexandr"]
[Black "Ni, Hua"]
[Result "1/2-1/2"]
[WhiteElo "2676"]
[BlackElo "2672"]
[Annotator "TA"]
[PlyCount "60"]
[EventDate "2019.04.09"]
[EventType "team-tourn"]
[EventCountry "CHN"]
[SourceTitle "playchess.com"]
[Source "ChessBase"]
[SourceQuality "1"]

{[%evp 18,60,14,12,14,13,17,18,13,12,21,6,7,8,9,9,9,12,10,0,0,0,0,0,11,10,3,0,0,0,0,0,0,0,0,0,0,0,0,0,0,0,0,0,0]} 1. e4 e5 2. Nf3 Nc6 3. Bb5 Nf6 4. O-O Nxe4 5. Re1 Nd6 6. Nxe5 Be7 7. Bf1 Nxe5 8. Rxe5 O-O 9. d4 Bf6 10. Re1 {The position is equal.} Re8 {C67: Ruy Lopez: Berlin Defence: 4 0-0 Nxe4} 11. c3 Rxe1 12. Qxe1 Ne8 13. Bf4 d5 14. Bd3 g6 15. Nd2 Ng7 16. Nf3 {[#]} Bf5 $146 ({Predecessor:} 16... c6 17. Qe2 Bf5 18. Bxf5 {½-½ (30) Ma,Q (2620)-Cheparinov,I (2711) China 2018}) 17. Bxf5 Nxf5 18. Qe2 c6 19. Re1 Ng7 20. Be5 Ne6 21. Bxf6 Qxf6 22. Qe5 Qxe5 23. Nxe5 $11 {[%mdl 4096] Endgame KRN-KRN} Re8 24. Nd3 Nc7 25. Kf1 Rxe1+ 26. Kxe1 Ne8 27. f3 Nd6 28. g3 f6 29. Ke2 Kf7 30. Kf2 Ke7 {Accuracy: White = 68%, Black = 98%.} 1/2-1/2

[Event "Chinese Chess League 2019"]
[Site "Shen Yang"]
[Date "2019.12.07"]
[Round "22.18"]
[White "Xu, Yinglun"]
[Black "Lou, Yiping"]
[Result "1/2-1/2"]
[WhiteElo "2554"]
[BlackElo "2473"]
[Annotator "TA"]
[PlyCount "61"]
[EventDate "2019.04.09"]
[EventType "team-tourn"]
[EventCountry "CHN"]
[SourceTitle "playchess.com"]
[Source "ChessBase"]
[SourceQuality "1"]

{[%evp 26,61,8,0,0,0,0,0,0,0,0,0,0,0,0,-2,0,0,0,0,0,0,0,0,0,0,0,0,0,0,0,0,0,0,0,0,0,0]} 1. d4 $146 ({Predecessor:} 1. c4 g6 2. Nc3 Bg7 3. d4 Nf6 4. Nf3 d5 5. cxd5 Nxd5 6. e4 Nxc3 {½-½ (31) Pavlovic,M (2533)-Predojevic,B (2644) Kavala 2009}) 1... Nf6 2. c4 g6 3. Nc3 d5 4. cxd5 Nxd5 5. e4 Nxc3 6. bxc3 Bg7 7. Nf3 c5 8. Bb5+ Nc6 9. O-O cxd4 10. cxd4 O-O 11. Be3 Bg4 12. Bxc6 bxc6 13. Rc1 Qa5 14. Qd2 {The position is equal.} Qxd2 {D85: Exchange Grünfeld: Unusual White 7th moves and lines with 7 Nf3} 15. Nxd2 Rfd8 16. Nb3 a5 {[%cal Ba7a5,Ba5a4][%mdl 32]} 17. Rxc6 a4 18. Nc5 Bxd4 19. Bxd4 Rxd4 20. f3 Rc8 21. Rxc8+ Bxc8 $11 {[%mdl 4096] Endgame KRB-KRN} 22. Rc1 a3 23. Nb3 Rd8 24. Rc7 Be6 {[#] aiming for ...Bxb3.} 25. Ra7 $1 Rd1+ 26. Kf2 Bxb3 27. axb3 Rd2+ 28. Kg3 a2 29. b4 {[%cal Bb3b4,Bb4b5,Bb5b6][%mdl 32]} Rb2 30. b5 Kg7 31. b6 {Accuracy: White = 96%, Black = 93%.} 1/2-1/2

[Event "Chinese Chess League 2019"]
[Site "Shen Yang"]
[Date "2019.12.07"]
[Round "22.19"]
[White "Ni, Shiqun"]
[Black "Li, Xueyi"]
[Result "1/2-1/2"]
[WhiteElo "2391"]
[BlackElo "2270"]
[Annotator "TA"]
[PlyCount "50"]
[EventDate "2019.04.09"]
[EventType "team-tourn"]
[EventCountry "CHN"]
[SourceTitle "playchess.com"]
[Source "ChessBase"]
[SourceQuality "1"]

{[%evp 20,50,13,9,14,10,25,18,14,0,0,0,4,0,0,0,0,-6,0,-8,17,0,0,0,0,0,0,0,0,0,0,0,0]} 1. e4 c6 2. d4 d5 3. exd5 cxd5 4. Bd3 Nc6 5. c3 Nf6 6. Bf4 g6 7. Nf3 Bg7 8. O-O O-O 9. h3 Bf5 10. Re1 Bxd3 11. Qxd3 Ne4 {B13: Caro-Kann: Exchange Variation and Panov-Botvinnik Attack} 12. Nbd2 Nxd2 13. Qxd2 e6 {[#] The position is equal.} 14. h4 $146 ({Predecessor:} 14. Ne5 Nxe5 15. Bxe5 Bxe5 16. Rxe5 Qd6 17. h4 h5 18. Rxh5 gxh5 19. Qg5+ Kh7 20. Qxh5+ Kg7 21. Qg5+ {½-½ (21) Predojevic,B (2620)-Saric,I (2555) Tuzla 2019}) 14... h5 15. g3 Rc8 16. Ne5 Nxe5 17. Bxe5 Bxe5 18. Rxe5 Kg7 19. Kg2 Qc7 20. Rxh5 gxh5 21. Qg5+ Kh7 {[#] White must now prevent ...Rh8.} 22. Qxh5+ Kg7 {...Rh8 is the strong threat.} 23. Qg5+ Kh7 {Strongly threatening ...Rh8.} 24. Qh5+ Kg7 {Threatens to win with ...Rh8.} 25. Qg5+ Kh7 1/2-1/2

[Event "Chinese Chess League 2019"]
[Site "Shen Yang"]
[Date "2019.12.07"]
[Round "22.20"]
[White "Ju, Wenjun"]
[Black "Shuvalova, Polina"]
[Result "1/2-1/2"]
[WhiteElo "2586"]
[BlackElo "2446"]
[Annotator "TA"]
[PlyCount "60"]
[EventDate "2019.04.09"]
[EventType "team-tourn"]
[EventCountry "CHN"]
[SourceTitle "playchess.com"]
[Source "ChessBase"]
[SourceQuality "1"]

{[%evp 23,60,20,20,14,20,10,11,11,12,6,4,6,9,0,3,0,6,0,0,-14,-14,-20,-6,-10,0,-7,0,-14,0,-7,0,-6,0,-9,0,-7,0,-26,0]} 1. d4 Nf6 2. c4 e6 3. g3 d5 4. Nf3 Be7 5. Bg2 O-O 6. O-O dxc4 7. Qc2 a6 8. a4 Bd7 9. Qxc4 Bc6 10. Bg5 Bd5 11. Qc2 Be4 12. Qc1 h6 13. Bxf6 {E05: Open Catalan: 5 Nf3 Be7} Bxf6 14. Nbd2 Bxf3 (14... Bh7 {feels hotter.} 15. Nc4 Nc6 16. Rd1 Be4 17. Qf4 Bd5) 15. Nxf3 {The position is equal.} a5 16. Rd1 c6 17. e3 Na6 {[#]} 18. Ne1 $146 ({Predecessor:} 18. Nd2 Nb4 19. Nc4 Qc7 20. Qb1 Rfd8 {1-0 (121) Inarkiev,E (2689)-Medarde Santiago,L (2350) Katowice 2017}) 18... Qb6 19. Nd3 Rfd8 20. Qc2 Nb4 21. Nxb4 Qxb4 22. Rac1 Ra6 23. b3 Raa8 24. Bf1 Rd5 25. Bg2 Rdd8 26. Bf1 Rd5 27. Bg2 Rdd8 28. Bf1 Rd5 29. Bg2 Rdd8 30. Bf1 Rd5 {Accuracy: White = 49%, Black = 27%.} 1/2-1/2

[Event "Chinese Chess League 2019"]
[Site "Shen Yang"]
[Date "2019.12.07"]
[Round "22.21"]
[White "Peng, Xiongjian"]
[Black "Malakhov, Vladimir"]
[Result "0-1"]
[WhiteElo "2486"]
[BlackElo "2665"]
[Annotator "ChessBase"]
[PlyCount "162"]
[EventDate "2019.04.09"]
[EventType "team-tourn"]
[EventCountry "CHN"]
[SourceTitle "playchess.com"]
[Source "ChessBase"]
[SourceQuality "1"]
[TimeControl "5400+30"]

1. d4 {[%emt 0:00:00]} g6 {[%emt 0:00:00]} 2. g3 {[%emt 0:00:00]} Bg7 {[%emt 0:00:46]} 3. Bg2 {[%emt 0:00:00]} c5 {[%emt 0:03:09]} 4. dxc5 {[%emt 0:00:17]} Na6 {[%emt 0:08:30]} 5. Nf3 {[%emt 0:01:27]} Nxc5 {[%emt 0:00:11]} 6. O-O {[%emt 0:00:13]} d6 {[%emt 0:04:08]} 7. c4 {[%emt 0:01:52]} Bd7 {[%emt 0:09:16]} 8. Nd4 {[%emt 0:05:27]} Qc8 {[%emt 0:01:15]} 9. Nc3 {[%emt 0:00:27]} Nf6 {[%emt 0:00:21]} 10. Bg5 {[%emt 0:02:28]} h6 {[%emt 0:05:11]} 11. Bxf6 {[%emt 0:00:07]} Bxf6 {[%emt 0:00:05]} 12. Rc1 {[%emt 0:02:39]} Bg7 {[%emt 0:03:26]} 13. b4 {[%emt 0:05:43]} Na6 {[%emt 0:16:04]} 14. c5 {[%emt 0:07:11]} dxc5 {[%emt 0:01:16]} 15. bxc5 {[%emt 0:00:06]} Nb4 {[%emt 0:00:43]} 16. Nd5 {[%emt 0:10:00]} Nc6 {[%emt 0:07:41]} 17. Nb5 {[%emt 0:05:58]} O-O {[%emt 0:00:07]} 18. Nxa7 {[%emt 0:00:30]} Rxa7 {[%emt 0:00:41]} 19. Nb6 {[%emt 0:00:07]} Qc7 {[%emt 0:00:15]} 20. Qxd7 {[%emt 0:00:56]} Qxd7 {[%emt 0:00:05]} 21. Nxd7 {[%emt 0:00:04]} Rd8 {[%emt 0:00:05]} 22. Rfd1 {[%emt 0:06:19]} Nd4 {[%emt 0:00:54]} 23. Nb6 {[%emt 0:00:19]} Nxe2+ {[%emt 0:02:55]} 24. Kf1 {[%emt 0:00:24]} Rxd1+ {[%emt 0:00:16]} 25. Rxd1 {[%emt 0:00:05]} Nd4 {[%emt 0:00:04]} 26. a4 {[%emt 0:10:01]} Ra5 {[%emt 0:06:41]} 27. Rc1 {[%emt 0:04:01]} Nb3 {[%emt 0:02:26]} 28. c6 {[%emt 0:00:38]} bxc6 {[%emt 0:00:06]} 29. Rxc6 {[%emt 0:00:06]} Bd4 {[%emt 0:03:29]} 30. Nd5 {[%emt 0:13:59]} e6 {[%emt 0:05:20]} 31. Nc3 {[%emt 0:00:16]} g5 {[%emt 0:00:52]} 32. Kg1 {[%emt 0:02:21]} Nd2 {[%emt 0:02:26]} 33. Ne4 {[%emt 0:03:22]} Nxe4 {[%emt 0:00:20]} 34. Bxe4 {[%emt 0:00:03]} Rxa4 {[%emt 0:00:07]} 35. Bc2 {[%emt 0:00:34]} Ra3 {[%emt 0:04:30]} 36. Rc4 {[%emt 0:00:23]} e5 {[%emt 0:02:36]} 37. Kg2 {[%emt 0:01:35]} g4 {[%emt 0:00:14]} 38. Be4 {[%emt 0:00:50]} h5 {[%emt 0:01:07]} 39. Rc2 {[%emt 0:02:29]} Ra6 {[%emt 0:02:45]} 40. h3 {[%emt 0:00:34]} Rf6 {[%emt 0:01:04]} 41. hxg4 hxg4 {[%emt 0:00:01]} 42. Bb7 {[%emt 0:01:37]} Kf8 {[%emt 0:00:10]} 43. Bc8 {[%emt 0:00:49]} Rg6 {[%emt 0:00:03]} 44. f3 {[%emt 0:01:45]} gxf3+ {[%emt 0:00:30]} 45. Kxf3 {[%emt 0:00:04]} Rf6+ {[%emt 0:00:05]} 46. Ke4 {[%emt 0:00:30]} Rf1 {[%emt 0:00:05]} 47. g4 {[%emt 0:00:30]} Ke7 {[%emt 0:01:09]} 48. Rc6 {[%emt 0:00:27]} Ba1 {[%emt 0:00:27]} 49. Bf5 {[%emt 0:00:28]} Rf4+ {[%emt 0:00:06]} 50. Kd3 {[%emt 0:00:26]} Bd4 {[%emt 0:01:13]} 51. Ra6 {[%emt 0:00:22]} Bg1 {[%emt 0:00:27]} 52. Ke2 {[%emt 0:00:49]} e4 {[%emt 0:01:50]} 53. Rc6 {[%emt 0:06:03]} Rf2+ {[%emt 0:00:12]} 54. Ke1 {[%emt 0:00:03]} e3 {[%emt 0:00:24]} 55. Rc2 {[%emt 0:00:27]} Rf4 {[%emt 0:00:09]} 56. Rc6 {[%emt 0:00:13]} Rd4 {[%emt 0:00:45]} 57. Rc2 {[%emt 0:01:09]} Kf6 {[%emt 0:00:36]} 58. Kf1 {[%emt 0:00:20]} Bf2 {[%emt 0:00:25]} 59. Ke2 {[%emt 0:00:07]} Kg5 {[%emt 0:00:51]} 60. Kf3 {[%emt 0:00:14]} Rf4+ {[%emt 0:00:14]} 61. Ke2 {[%emt 0:00:05]} Bg1 {[%emt 0:01:42]} 62. Kd3 {[%emt 0:01:07]} Ra4 {[%emt 0:00:30]} 63. Ke2 {[%emt 0:00:35]} Kf4 {[%emt 0:00:33]} 64. Rc7 {[%emt 0:01:17]} Kg3 {[%emt 0:01:40]} 65. Rc2 {[%emt 0:01:02]} Bf2 {[%emt 0:00:51]} 66. Bc8 {[%emt 0:05:06]} f6 {[%emt 0:01:20]} 67. Rb2 {[%emt 0:02:53]} Ra1 {[%emt 0:00:09]} 68. Rc2 {[%emt 0:00:50]} Re1+ {[%emt 0:00:12]} 69. Kd3 {[%emt 0:00:03]} Kf3 {[%emt 0:00:10]} 70. Kc3 {[%emt 0:01:09]} Ra1 {[%emt 0:00:54]} 71. Bb7+ {[%emt 0:00:33]} Kxg4 {[%emt 0:00:06]} 72. Kd3 {[%emt 0:00:12]} Kg3 {[%emt 0:00:49]} 73. Ke4 {[%emt 0:00:08]} Ra5 {[%emt 0:00:16]} 74. Bc8 {[%emt 0:00:15]} Re5+ {[%emt 0:00:15]} 75. Kd3 {[%emt 0:00:06]} f5 {[%emt 0:00:26]} 76. Ke2 {[%emt 0:00:10]} f4 {[%emt 0:00:06]} 77. Bb7 {[%emt 0:00:32]} Rb5 {[%emt 0:00:07]} 78. Rc7 {[%emt 0:00:48]} Rxb7 {[%emt 0:01:11]} 79. Rxb7 {[%emt 0:00:06]} f3+ {[%emt 0:00:02]} 80. Kd3 {[%emt 0:00:05]} e2 {[%emt 0:00:04]} 81. Rg7+ {[%emt 0:00:09]} Kh2 {[%emt 0:00:15] Kd4} 0-1

[Event "Chinese Chess League 2019"]
[Site "Shen Yang"]
[Date "2019.12.07"]
[Round "22.22"]
[White "Naiditsch, Arkadij"]
[Black "Dai, Changren"]
[Result "1-0"]
[WhiteElo "2617"]
[BlackElo "2509"]
[Annotator "ChessBase"]
[PlyCount "106"]
[EventDate "2019.04.09"]
[EventType "team-tourn"]
[EventCountry "CHN"]
[SourceTitle "playchess.com"]
[Source "ChessBase"]
[SourceQuality "1"]
[TimeControl "5400+30"]

1. e4 {[%emt 0:00:00]} e5 {[%emt 0:00:00]} 2. Nf3 {[%emt 0:00:00]} Nc6 {[%emt 0:00:00]} 3. Bb5 {[%emt 0:00:00]} a6 {[%emt 0:00:00]} 4. Ba4 {[%emt 0:00:01]} Nf6 {[%emt 0:00:00]} 5. O-O {[%emt 0:00:09]} Be7 {[%emt 0:00:00]} 6. d3 {[%emt 0:00:08]} b5 {[%emt 0:00:40]} 7. Bb3 {[%emt 0:00:07]} O-O {[%emt 0:00:26]} 8. Nc3 {[%emt 0:03:21]} d6 {[%emt 0:00:07]} 9. a4 {[%emt 0:06:45]} b4 {[%emt 0:12:17]} 10. Nd5 {[%emt 0:00:37]} Na5 {[%emt 0:00:17]} 11. Nxb4 {[%emt 0:07:08]} Rb8 {[%emt 0:02:10]} 12. Na2 {[%emt 0:11:02]} Bg4 13. Nc3 {[%emt 0:00:30]} Nxb3 14. cxb3 {[%emt 0:00:30]} d5 15. Bg5 {[%emt 0:00:30]} dxe4 16. dxe4 {[%emt 0:00:30]} Qxd1 17. Nxd1 {[%emt 0:00:30]} Bxf3 18. gxf3 {[%emt 0:00:30]} Rxb3 19. Ne3 {[%emt 0:00:30]} h6 20. Bh4 {[%emt 0:00:30]} Nd5 21. Bxe7 {[%emt 0:00:30]} Nxe7 22. Rfc1 {[%emt 0:00:30]} Rc8 23. Ra3 {[%emt 0:00:30]} Rxa3 24. bxa3 {[%emt 0:00:30]} c5 25. Kf1 {[%emt 0:00:30]} f6 26. Ke1 {[%emt 0:00:30]} Kf7 27. Rb1 {[%emt 0:00:30]} c4 28. Rb7 {[%emt 0:00:30]} Ke6 29. Kd2 {[%emt 0:00:30]} c3+ 30. Kc2 {[%emt 0:00:30]} Rc5 31. Nd1 {[%emt 0:00:30]} Nc6 32. Nxc3 {[%emt 0:00:30]} Nd4+ 33. Kb2 {[%emt 0:00:30]} g5 34. Ra7 {[%emt 0:00:30]} Rc6 35. a5 {[%emt 0:00:30]} Nxf3 36. Nd5 {[%emt 0:00:30]} Nd2 37. Nb4 {[%emt 0:00:30]} Rd6 38. f3 {[%emt 0:00:30]} Nc4+ 39. Kc3 {[%emt 0:00:30]} Nxa3 40. Rxa6 {[%emt 0:00:30]} Rxa6 41. Nxa6 {[%emt 0:00:30]} Kd7 42. Kb4 {[%emt 0:00:30]} Nc2+ 43. Kc5 {[%emt 0:00:30]} Kc8 44. Nb4 {[%emt 0:00:30]} Ne3 45. Nd5 {[%emt 0:00:30]} Nf1 46. a6 {[%emt 0:00:30]} Nd2 47. Nxf6 {[%emt 0:00:30]} Kc7 48. Kb5 {[%emt 0:00:30]} h5 49. h3 {[%emt 0:00:30]} h4 50. Kc5 {[%emt 0:00:30]} Nxf3 51. Nd5+ {[%emt 0:00:30]} Kc8 52. Kb6 {[%emt 0:00:30]} Kb8 53. a7+ {[%emt 0:00:30]} Ka8 1-0

[Event "Chinese Chess League 2019"]
[Site "Shen Yang"]
[Date "2019.12.07"]
[Round "22.23"]
[White "Nie, Xinyang"]
[Black "Wang, Yue"]
[Result "1/2-1/2"]
[WhiteElo "2351"]
[BlackElo "2677"]
[Annotator "TA"]
[PlyCount "100"]
[EventDate "2019.04.09"]
[EventType "team-tourn"]
[EventCountry "CHN"]
[SourceTitle "playchess.com"]
[Source "ChessBase"]
[SourceQuality "1"]

{[%evp 24,100,0,0,0,0,0,0,0,0,11,0,0,0,0,0,0,0,0,0,0,0,0,0,11,5,5,0,0,0,0,0,0,0,0,0,0,0,0,0,0,0,0,0,0,0,0,0,0,0,0,0,6,-37,-37,-37,-37,-43,-37,-39,15,0,15,0,8,-8,0,-8,-8,-8,0,0,0,0,0,0,0,0,-8]} 1. Nf3 d5 2. d4 Nf6 3. c4 e6 4. Nc3 c6 5. e3 Nbd7 6. Qc2 Bd6 7. b3 O-O 8. Be2 b6 9. O-O Bb7 10. Bb2 Qe7 11. e4 dxe4 12. Nxe4 Nxe4 13. Qxe4 Nf6 {D45: Semi-Slav: 5 e3} 14. Qc2 c5 15. dxc5 Bxc5 16. Ng5 {[#] Hoping for Bxf6.} Rfd8 $146 ({Predecessor:} 16... e5 17. Bf3 h6 18. Bxb7 Qxb7 19. Nf3 e4 20. Nh4 Qc6 21. Rae1 Rfe8 22. Bxf6 Qxf6 23. Rxe4 Rxe4 24. Qxe4 Rd8 25. Nf3 Qb2 26. g3 Qxa2 27. Ne5 Qxb3 {½-½ (27) Krasenkow,M (2643)-Rausis,I (2518) St Clement Bay 2013}) 17. Bxf6 Qxf6 18. Qxh7+ Kf8 19. Ne4 Bxe4 $1 20. Qxe4 a5 21. Bf3 Ra7 22. Rad1 Rad7 23. Qc2 g6 24. Rxd7 Rxd7 25. Rd1 Rxd1+ 26. Bxd1 Qd4 27. g3 e5 28. Bf3 f5 29. Bd5 e4 30. Qe2 Kg7 31. Kg2 Kf6 32. h4 Ke5 33. Bf7 Kf6 34. Be8 Qd3 35. Kf1 Qd4 36. Kg2 Kg7 37. Bc6 Kh6 38. Qe3+ Qxe3 39. fxe3 Bxe3 $15 {[%mdl 4096] Endgame KB-KB} 40. g4 Bd2 41. Bd7 f4 (41... fxg4 $15 42. Kg3 Kg7) 42. Bc6 {The position is equal.} e3 {[#] ( -> ...e2)} 43. Bf3 Be1 44. h5 Kg5 45. Kf1 Bb4 46. Ke2 Bc5 47. Kd3 gxh5 48. gxh5 Kf5 49. a4 Bf8 50. Bd1 Ke5 {Accuracy: White = 66%, Black = 61%.} 1/2-1/2

[Event "Chinese Chess League 2019"]
[Site "Shen Yang"]
[Date "2019.12.07"]
[Round "22.24"]
[White "Munguntuul, Batkhuyag"]
[Black "Huang, Qian"]
[Result "1/2-1/2"]
[WhiteElo "2436"]
[BlackElo "2427"]
[Annotator "ChessBase"]
[PlyCount "28"]
[EventDate "2019.04.09"]
[EventType "team-tourn"]
[EventCountry "CHN"]
[SourceTitle "playchess.com"]
[Source "ChessBase"]
[SourceQuality "1"]
[TimeControl "5400+30"]

1. e4 {[%emt 0:00:00]} c5 {[%emt 0:00:47]} 2. Nf3 {[%emt 0:00:00]} d6 {[%emt 0:00:09]} 3. d4 {[%emt 0:00:00]} cxd4 {[%emt 0:00:09]} 4. Nxd4 {[%emt 0:00:00]} Nf6 {[%emt 0:00:11]} 5. Nc3 {[%emt 0:00:00]} a6 {[%emt 0:00:11]} 6. Be2 {[%emt 0:00:00]} e5 {[%emt 0:01:44]} 7. Nf3 {[%emt 0:00:08]} h6 {[%emt 0:02:49]} 8. Nd2 {[%emt 0:02:56]} Be6 {[%emt 0:12:31]} 9. Nc4 {[%emt 0:01:42]} Qc7 {[%emt 0:00:11]} 10. Ne3 {[%emt 0:01:01]} Nbd7 {[%emt 0:00:43]} 11. Ned5 {[%emt 0:21:29]} Qc6 {[%emt 0:14:58]} 12. Nb4 {[%emt 0:05:03]} Qc7 {[%emt 0:03:54]} 13. Nbd5 Qc6 {[%emt 0:00:30]} 14. Nb4 Qc7 {[%emt 0:00:30]} 1/2-1/2